Welcome to the Holygrace Academy Library

Please use search bar below to get started

THE INIMITABLE BIRBAL: A FRIEND, PHILOSOPHER AND GUIDE TO AKBAR (Record no. 8623)

MARC details
000 -LEADER
fixed length control field 00418nam a22001217a 4500
082 ## - DEWEY DECIMAL CLASSIFICATION NUMBER
Classification number 823
Item number PAI/I
100 ## - MAIN ENTRY--AUTHOR NAME
Personal name PAI, ANAND
245 ## - TITLE STATEMENT
Title THE INIMITABLE BIRBAL: A FRIEND, PHILOSOPHER AND GUIDE TO AKBAR
246 ## - VARYING FORM OF TITLE
Title proper/short title THE INIMITABLE BIRBAL: A FRIEND, PHILOSOPHER AND GUIDE TO AKBAR
Remainder of title THE INIMITABLE BIRBAL: A FRIEND, PHILOSOPHER AND GUIDE TO AKBAR
260 ## - PUBLICATION, DISTRIBUTION, ETC. (IMPRINT)
Place of publication MUMBAI
Name of publisher AMARCHITHRA KATHA
Year of publication 2022
300 ## - PHYSICAL DESCRIPTION
Number of Pages 31
942 ## - ADDED ENTRY ELEMENTS (KOHA)
Koha item type Books
Holdings
Withdrawn status Lost status Collection code Home library Current library Shelving location Date acquired Source of acquisition Cost, normal purchase price Full call number Accession Number Koha item type
    Fiction Main Library Main Library SHELF 4-D MYTHOLOGY 11/11/2023 PURCHASED 90.00 823 PAI/I 13344 Books